Southville International School and Colleges
Your cart is empty.
  • Cart
  • Lists
    Public lists Eva Luna New books Lux_list list_1
    Your lists Log in to create your own lists
  • Log in to your account
  • Your cookies
  • Search history
Southville International School and Colleges
  • Advanced search
  • Recent comments
  • Most popular
  • Libraries

Log in to your account

Log in with GOOGLE


If you do not have an external account, but do have a local account, you can still log in:

  1. Home
  2. MARC view: Along for the ride /
Normal view MARC view ISBD view

Along for the ride / (Record no. 295571)

[ view plain ]
MARC details
000 -LEADER
fixed length control field 00398nam a22001577a 4500
003 - CONTROL NUMBER IDENTIFIER
control field SISC
005 - DATE AND TIME OF LATEST TRANSACTION
control field 20160602105017.0
008 - FIXED-LENGTH DATA ELEMENTS--GENERAL INFORMATION
fixed length control field 160602b xxu||||| |||| 00| 0 eng d
020 ## - INTERNATIONAL STANDARD BOOK NUMBER
International Standard Book Number 9780142415566
050 ## - LIBRARY OF CONGRESS CALL NUMBER
Classification number PZ 7
Item number .D475 2009
100 ## - MAIN ENTRY--PERSONAL NAME
Personal name Dessen, Sarah.
245 ## - TITLE STATEMENT
Title Along for the ride /
Statement of responsibility, etc Sarah Dessen.
260 ## - PUBLICATION, DISTRIBUTION, ETC. (IMPRINT)
Place of publication, distribution, etc NY :
Name of publisher, distributor, etc Speak,
Date of publication, distribution, etc 2009.
300 ## - PHYSICAL DESCRIPTION
Extent 399 pages ;
Dimensions 22 cm.
942 ## - ADDED ENTRY ELEMENTS (KOHA)
Source of classification or shelving scheme Library of Congress Classification
Koha item type Books
Holdings
Withdrawn status Lost status Source of classification or shelving scheme Damaged status Home library Current library Shelving location Date acquired Source of acquisition Sub Shelving location Total Checkouts Total Renewals Full call number Barcode Checked out Date last seen Date checked out Price effective from Koha item type
    Library of Congress Classification   College Library College Library Fiction Section 06/02/2016 Donation   3 1 PZ 7 .D475 2009 C20562 10/01/2025 09/24/2025 09/24/2025 06/02/2016 Books

Along for the ride /

APA

Dessen S., . (2009). Along for the ride. NY: Speak.

Chicago

Dessen Sarah, . 2009. Along for the ride. NY: Speak.

Harvard

Dessen S., . (2009). Along for the ride. NY: Speak.

MLA

Dessen Sarah, . Along for the ride. NY: Speak. 2009.

  • Place hold
  • Print
  • Cite
  • Add to your cart (remove)
  • Save record
    BIBTEX Dublin Core MARCXML MARC (non-Unicode/MARC-8) MARC (Unicode/UTF-8) MARC (Unicode/UTF-8, Standard) MODS (XML) RIS
  • More searches
    Search for this title in:
    Other Libraries (WorldCat) Other Databases (Google Scholar) Online Stores (Bookfinder.com) Open Library (openlibrary.org)

Exporting to Dublin Core...

SOUTHVILLE LIBRARY

Southville International School and Colleges Library

1281 Tropical Ave. Cor. Luxembourg St., BF Homes International, Las Pinas City

Tel. No. 8256374 / 252358 Loc. 117/146

Powered by Koha